|
|
|
|
| LEADER |
00891nam a22002291 4500 |
| 001 |
c000142611 |
| 003 |
CARM |
| 005 |
00000000000000.0 |
| 008 |
711005s1968 nyu b 00000 eng |
| 019 |
1 |
|
|a 671430
|5 LACONCORD2021
|
| 035 |
|
|
|a (OCoLC)190324
|5 LACONCORD2021
|
| 050 |
0 |
0 |
|a LC4065
|b .D43
|
| 245 |
0 |
0 |
|a Developing programs for the educationally disadvantaged.
|c A. Harry Passow, editor.
|
| 260 |
|
|
|a New York,
|b Teachers College Press, Columbia University
|c [1968]
|
| 300 |
|
|
|a xvi, 364 p.
|c 23 cm.
|
| 504 |
|
|
|a Includes bibliographies.
|
| 650 |
|
0 |
|a Socially handicapped children
|x Education.
|
| 700 |
1 |
|
|a Passow, A. Harry.
|e ed.
|
| 852 |
8 |
|
|b CARM
|h A2:AH28A0
|i B03833
|p 0183126
|f BK
|
| 082 |
0 |
4 |
|a 371.9
|
| 999 |
f |
f |
|i 84141ad3-8a3c-5efc-8b70-4e8fe12689fb
|s 51de20ea-d33d-5ade-9c4b-5825f96d1a36
|
| 952 |
f |
f |
|p Can circulate
|a CAVAL
|b CAVAL
|c CAVAL
|d CARM 1 Store
|e B03833
|f A2:AH28A0
|h Other scheme
|i book
|m 0183126
|